इश्क़िया शायरी / (Record no. 14946)

MARC details
000 -LEADER
fixed length control field 01221nam a22002537a 4500
005 - DATE AND TIME OF LATEST TRANSACTION
control field 20080820144232.0
008 - FIXED-LENGTH DATA ELEMENTS--GENERAL INFORMATION
fixed length control field 080820t xxu||||| |||| 00| p hin d
010 ## - LIBRARY OF CONGRESS CONTROL NUMBER
LC control number HIN-84005
020 ## - INTERNATIONAL STANDARD BOOK NUMBER
Terms of availability 50.00
International Standard Book Number 8183140270
035 ## - SYSTEM CONTROL NUMBER
System control number HN-56351
037 ## - SOURCE OF ACQUISITION
Stock number DBAD / PUB
040 ## - CATALOGING SOURCE
Original cataloging agency DPL
Language of cataloging HN
082 ## - DEWEY DECIMAL CLASSIFICATION NUMBER
Classification number 841
245 ## - TITLE STATEMENT
Title इश्क़िया शायरी /
Remainder of title नजमा ख़ातून द्वारा संपादित एवं अनुदित
246 ## - VARYING FORM OF TITLE
Title proper/short title Ishqiyaa shaayari
Remainder of title edited and translated by Najama Khatun
260 ## - PUBLICATION, DISTRIBUTION, ETC. (IMPRINT)
Place of publication, distribution, etc नई दिल्ली
Name of publisher, distributor, etc मकतबा अल हसनात
Date of publication, distribution, etc 2005
270 ## - ADDRESS
Address 2241- कूचा चेलान, दरियागंज
City नई दिल्ली
Postal code 110002
Telephone number 23271845, 51563256
Fax number 23252190
Electronic mail address m_alhasanat@rediffmail.com
300 ## - PHYSICAL DESCRIPTION
Extent 112पृ
Dimensions 22सेमी (अजिल्द)
650 ## - SUBJECT ADDED ENTRY--TOPICAL TERM
Topical term or geographic name as entry element उर्दू कविता
650 ## - SUBJECT ADDED ENTRY--TOPICAL TERM
Topical term or geographic name as entry element Urdu poetry
700 ## - ADDED ENTRY--PERSONAL NAME
Personal name नजमा ख़ातून
942 ## - ADDED ENTRY ELEMENTS (KOHA)
Source of classification or shelving scheme Dewey Decimal Classification
Koha item type Hindi Books
Call number prefix 841
Call number suffix इश्क़िया
Holdings
Withdrawn status Lost status Damaged status Not for loan Collection code Home library Current library Date acquired Source of acquisition Cost, normal purchase price Total Checkouts Full call number Barcode Date last seen Copy number Cost, replacement price Price effective from Koha item type
      Not For Loan Non-fiction D.B.Act.Division D.B.Act.Division 20/08/2008 DBAD / PUB 50.00   841 इश्क़िया HN-56351 15/09/2008 1 50.00 15/09/2008 Hindi Books

© Delhi Public Library
Hit Counter
free hit counter